| 000 | 00666nam a2200193Ia 4500 | ||
|---|---|---|---|
| 003 | GCL | ||
| 008 | 140319s9999 xx 000 0 ara d | ||
| 020 | _a3821215977 | ||
| 040 |
_aGCL / _cGCL |
||
| 082 | 0 | 4 |
_a928.1 _bم ط |
| 100 | 1 | _aمصرى عبدالحميد حنورة | |
| 245 | 1 | 0 |
_aطه حسين وسيكولوجية المخالفة / _cمصرى عبدالحميد حنورة |
| 260 |
_aالقاهرة : _bدار غريب للطباعة والنشر والتوزيع ، _c2006 |
||
| 300 |
_a191 ص ؛ _c24 سم |
||
| 650 | 0 | 4 | _aطه حسين |
| 650 | 0 | 4 | _aطه حسين - تراجم |
| 650 | 0 | 4 | _aالادباء العرب - تراجم |
| 942 |
_2ddc _cBK |
||
| 999 |
_c7882 _d7882 |
||